Harry Potter y la Orden del Fénix (Registro nro. 3706)

Detalles MARC
000 -CABECERA
Longitud fija campo de control 00862nam a2200277 c 4500
003 - • IDENTIFICADOR DELl NÚMERO DE CONTROL
Identificador del número de control CO-ViMGA
005 - • FECHA Y HORA DE LA ÚLTIMA TRANSACCIÓN
Fecha y hora de la última transacción 20230915232211.0
008 - • CÓDIGOS DE INFORMACIÓN DE LONGITUD FIJA
Códigos de información de longitud fija 151130s2015 sp | |||| 000 1 spa
020 ## - • NÚMERO INTERNACIONAL NORMALIZADO PARA LIBROS
Número Internacional Normalizado para Libros (ISBN) 9788498384468
040 ## - FUENTE DE LA CATALOGACIÓN
Centro catalogador de origen CO-ViMGA
Lengua de catalogación spa
Centro transcriptor CO-ViMGA
041 1# - • CÓDIGO DE LENGUA
Código de lengua original eng
082 04 - • NÚMERO DE LA CLASIFICACIÓN DECIMAL DEWEY
Número de clasificación (R) 823.91
Número del ítem R685o1
100 1# - • PUNTO DE ACCESO PRINCIPAL-NOMBRE DE PERSONA
Nombre de persona Rowling, J. K.
Fechas asociadas al nombre 1965-
240 10 - • TÍTULO UNIFORME
Título uniforme <a href="Harry Potter and the Order of the Phoenix">Harry Potter and the Order of the Phoenix</a>
245 10 - • TITULO PROPIAMENTE DICHO
Título Harry Potter y la Orden del Fénix
Mención de responsabilidad, etc. J.K. Rowling ; [traducción, Gemma Rovira Ortega]
250 ## - • MENCI&Oacute;N DE EDICI&Oacute;N
Mención de edición 2a. ed.
300 ## - • DESCRIPCI&Oacute;N F&Iacute;SICA
Extensión 893 p.
Dimensiones 21 cm
490 0# - • MENCI&Oacute;N DE SERIE
Mención de serie [Harry Potter]
Designación de volumen o secuencia 5
490 0# - • MENCI&Oacute;N DE SERIE
Mención de serie Letras de bolsillo
Designación de volumen o secuencia 135
650 14 - • PUNTO DE ACCESO ADICIONAL DE MATERIA - T&Eacute;RMINO DE MATERIA
Término de materia o nombre geográfico como elemento inicial Magía
Subdivisión de forma Novela juvenil
650 14 - • PUNTO DE ACCESO ADICIONAL DE MATERIA - T&Eacute;RMINO DE MATERIA
Término de materia o nombre geográfico como elemento inicial Novela juvenil inglesa
700 1# - • PUNTO DE ACCESO ADICIONAL - NOMBRE DE PERSONA
Nombre de persona Rovira Ortega, Gemma
Término indicativo de función traductor
942 ## - ENTRADA DE ELEMENTOS AGREGADOS (KOHA)
Fuente de clasificaión o esquema Dewey Decimal Classification
Koha [por defecto] tipo de item LIbro
Existencias
Perdido Fuente de clasificaci&oacute;n o esquema Estado Físico No para pr&eacute;stamo Forma de adquisición Localizaci&oacute;n permanente Localizaci&oacute;n actual Fecha adquisici&oacute;n Pr&eacute;stamos totales Signatura completa C&oacute;digo de barras Fecha &uacute;ltima consulta N&uacute;mero de copia Fecha del precio de reemplazo Tipo de item de Koha Prestado Fecha &uacute;ltimo pr&eacute;stamo
  Dewey Decimal Classification     Sala General Biblioteca Comunitaria - Villavicencio Biblioteca Comunitaria - Villavicencio 12/29/2015   823.91 R685o1 29672 12/29/2015 Ej. 1 12/29/2015 LIbro    
  Dewey Decimal Classification     Sala General Segundo Piso Biblioteca Pública Germán Arciniegas - Villavicencio Biblioteca Pública Germán Arciniegas - Villavicencio 03/27/2019 3 823.91 R685o1 32814 05/05/2026 Ej. 1 03/27/2019 LIbro 05/15/2026 05/05/2026









Instituto Departamental de Cultura del Meta - Red Departamental de Bibliotecas Públicas del Meta.